Les professeurs Harry Potter - Statistiques

Statistiques générales
  • Ce quiz a été pris 42 fois
  • Le résultat moyen est 10 sur 16
Statistiques - réponses
Par images Réponse % Correct
Severus Rogue
100%
Minerva Mcgonagall
94%
Rubeus Hagrid
81%
Remus Lupin
78%
Dolores Ombrage
75%
Alastor Maugrey
72%
Gilderoy Lockhart
72%
Filius Flitwick
61%
Horace Slughorn
61%
Pomona Chourave
58%
Quirinus Quirrell
56%
Sibylle Trelawney
53%
Renée Bibine
50%
Amycus Carrow
44%
Aurora Sinistra
31%
Septima Vector
11%
Aucun quiz correspondant
Distribution des résultats
% des personnes avec chaque résultat
Percentile par nombre de réponses
Votre historique - résultats
Vous n’avez pas pris ce quiz